[Event "FIDE World Cup"]
[Site "Khanty-Mansiysk"]
[Date "2005.12.04"]
[Round "3.2"]
[White "Xu, Jun"]
[Black "Ponomariov, Ruslan"]
[Result "0-1"]
[WhiteElo "2582"]
[BlackElo "2704"]
[Annotator "Ribli,Z"]
[PlyCount "102"]
[EventDate "2005.11.27"]
[EventType "k.o."]
[EventRounds "7"]
[EventCountry "RUS"]
[SourceTitle "CBM 111"]
[Source "ChessBase"]
[SourceDate "2006.04.04"]
[SourceVersion "1"]
[SourceVersionDate "2006.04.04"]
[SourceQuality "1"]

1. c4 e5 2. Nc3 Nf6 3. Nf3 Nc6 4. g3 d5 5. cxd5 Nxd5 6. Bg2 Nb6 7. O-O (7. a3
Be7 8. b4 Be6 9. Rb1 f6 10. O-O a5 11. b5 Nd4 12. d3 a4 13. Nd2 Bd5 14. Nxd5
Nxd5 15. Bb2 Nxb5 16. Qc1 c6 17. Qc4 Ra5 18. Qg4 O-O 19. Nc4 Ra6 20. Be4 $44 {
1-0 Istratescu,A-Stefanova,A/Aix-En-Provence 2004/(30)}) 7... Be7 8. a3 Be6 {
Mit dieser selten gespielten Fortsetzung möchte sich Schwarz die Rochade
sparen und das Plustempo am Damenflügel oder im Zentrum verwenden.} (8... O-O)
9. b4 f6 {[%mdl 4]} (9... Nd4 10. Rb1 Nxf3+ 11. Bxf3 c6 12. b5 (12. d3) 12...
Rc8 13. bxc6 (13. a4 O-O 14. a5 Nd5 15. a6 $6 {1/2-1/2 Golubovic,B-Atalik,S/
Neum 2005/CBM 106 ext/[Atalik] (56)}) 13... bxc6 14. d3 O-O 15. Bb2 Qd7 (15...
f6 16. a4 Nd5 17. d4 Nxc3 18. Bxc3 exd4 19. Qxd4 Qxd4 20. Bxd4 c5 21. Bc3 Rb8 {
1/2-1/2 Bui Vinh-Rytshagov,M/Bled olm 2002/(21)}) 16. Qc2 Bd5 17. Ne4 f6 18. a4
Bf7 19. a5 Nd5 20. Nc5 Qc7 21. Bg4 Nb4 22. Qc3 Na2 23. Qc2 Nb4 24. Qc3 Na2 {
1/2-1/2 Dittmar,P-Romanishin,O/St Vincent 2004 (24)}) 10. d4 {Weiß opfert
temporär einen Bauern, um die Initiative zu erlangen, aber meiner Meinung nach
wäre es klüger, ruhig zu spielen.} (10. d3 Qd7 (10... O-O)) (10. Rb1) 10...
exd4 (10... Nxd4 11. Nxd4 exd4 12. Nb5 Qd7 (12... c6 13. Nxd4 Bd5 14. e4 $36)
13. Nxd4 O-O-O 14. Bb2 Bh3 15. Qb3) 11. Nb5 d3 {Mit diesem Zug möchte Schwarz
die gegnerische Bauernstellung verschlechtern} (11... O-O 12. Nbxd4 Nxd4 13.
Nxd4 Bd5 14. e4 (14. Bxd5+ Qxd5 15. e4) 14... Bc4 15. Re1) 12. Bf4 Nd5 {
[%cal Gd5c7,Gd5f4]} (12... dxe2 $6 13. Qxe2 Bc4 14. Nxc7+ Qxc7 15. Qxc4 Nxc4
16. Bxc7 $14) 13. Qxd3 Nxf4 14. Qxd8+ Rxd8 15. gxf4 Bd6 (15... Bc4 16. Nxc7+
Kd7 (16... Kf7) 17. Rac1 Bxe2 18. Rfe1) 16. e3 a6 17. Nxd6+ (17. Nfd4 Nxd4 18.
Nxd4 Bc8 19. Rac1 $11) 17... Rxd6 $11 {Schwarz hat eine bequeme Stellung ohne
Schwächen. Nachfolgend möchte er Ke7 und Rhd8 spielen.} 18. Rfc1 Ke7 19. a4 $6
{Meiner Meinung nach ist es besser den Bauern auf a3 lassen.} (19. Ne1 $5 {
[%cal Gg2a8,Gc1c8]}) 19... Nxb4 (19... Rc8 $6 20. b5 $36) 20. Rxc7+ Rd7 21.
Rcc1 (21. Rxd7+ Bxd7 22. Nd4 b6) 21... Nc6 22. Rab1 Rhd8 {[%csl Gc6,Ge6][%cal
Gd8d1] Schwarz kontrolliert die d-Linie und seine Leichtfiguren stehen
ebenfalls aktiv.} 23. h4 Bf5 (23... Bd5) 24. Rb2 Rd1+ 25. Rxd1 Rxd1+ 26. Kh2
Rb1 27. Ra2 (27. Rxb1 Bxb1 28. Nd2 Bc2 $17) 27... Be6 28. Ra3 Rb2 (28... Rc1)
29. Kg3 Ra2 $1 {Auf diese Weise kann Schwarz endlich die Türme tauschen.} 30.
Rxa2 Bxa2 $15 {[%csl Ya4][%mdl 4096] In diesem Endspiel hat Schwarz die
besseren Aussichten: er besitzt eine komfortable Bauernmehrheit am Damenflügel,
denn der a4P ist potentiell schwach.} 31. Nd2 Na5 (31... f5 $15) 32. Be4 Bg8 $1
{Schwarz belässt seine beiden Bauern am Königsflügel auf der 6. und 7. Reihe.}
(32... h6 $15) 33. Nf3 $6 (33. Bd3 $5) 33... Bb3 {[%csl Ra4][%cal Rb3a4]
Schwarz ergreift seine Chance, den weißen a-Bauern zu gewinnen.} 34. Bxh7 Bxa4
$17 {[%csl Ga6,Gb7] Schwarz besitzt bereits zwei verbundene Freibauern am
Damenflügel.} 35. Nd4 Bd7 36. Kf3 Nc4 37. Ke4 a5 38. Kd5 (38. Kd3 b5 $17) 38...
Nd6 39. Kc5 {[%csl Gc5] Die einzige weiße Gegenchance ist der aktive König.} f5
{[%csl Rh7]} (39... b5 $5) 40. f3 (40. Kb6 a4 $17) 40... b6+ {Mit diesem
Bauernopfer verjagt Schwarz den gegnerischen Koönig von c5.} (40... b5 41. e4
$132) 41. Kxb6 Nc4+ {[%cal Gc4a5,Rc4b6,Rc4e3]} 42. Ka6 (42. Kc5 Nxe3 $17) 42...
a4 43. Nc2 $6 (43. Nxf5+ $2 Bxf5 44. Bxf5 Nxe3 45. Bb1 Nd5 $19) (43. Bxf5 $1
Nxe3 (43... Bxf5 44. Nxf5+ Kf6 45. e4 a3 46. Nd4 a2 47. e5+ Kf7 48. Nc2) 44.
Bxd7 Kxd7 45. Kb5 a3 46. Kb4 a2 47. Nb3 Ke6 48. Ka3 Kf5 49. Kxa2 Kxf4 50. Nc5
$11) 43... Kf7 44. e4 $2 (44. h5) 44... g6 $1 {[%csl Rh7][%cal Rf7g7,Rg7h7]}
45. exf5 gxf5 46. h5 Kg7 47. Bg6 a3 {[%csl Ga3,Rg6] Der a-Bauer entscheidet
die Partie: Weiß spielt potentiell mit einer Figur weniger.} 48. Nb4 Ne3 $19
49. Ka5 Be6 50. Kb5 (50. Ka4 a2 51. Nxa2 Bxa2 $19) 50... Bb3 $1 {[%csl Gb3,Rb4]
Schwarz bereitet 51...Nd5 vor und verteidigt sich gegen 52.Nc2.} (50... a2 $19)
51. Be8 Nd5 0-1

[Event "Bayamo"]
[Site "Bayamo"]
[Date "1990.??.??"]
[Round "7"]
[White "Borges Matos, Juan R"]
[Black "Yakovich, Yuri"]
[Result "0-1"]
[WhiteElo "2500"]
[BlackElo "2470"]
[Annotator "Ribli,Z"]
[PlyCount "122"]
[EventDate "1990.04.??"]
[EventType "tourn"]
[EventRounds "13"]
[EventCountry "CUB"]
[EventCategory "8"]
[SourceTitle "CBM 018"]
[Source "ChessBase"]
[SourceDate "1990.10.01"]
[SourceVersion "1"]
[SourceVersionDate "1990.10.01"]
[SourceQuality "1"]

1. c4 e5 2. Nc3 Nf6 3. g3 d5 4. cxd5 Nxd5 5. Bg2 Nb6 6. Nf3 Nc6 7. O-O Be7 8.
a3 O-O 9. b4 Re8 10. Rb1 Bf8 11. d3 Nd4 {11...a5 12.b5, Nd4 13.Bb2, Bg4
Portisch,L-Kortschnoj,V Wijk 1990 CBM/17 11...a5 12.b5, Nd4 13.Bb2, a4
Portisch,L-Petursson,M Wijk 1990 CBM/17} 12. Bb2 {12.Nd2, c6 13.Nb3, Nxb3
Pigusov,E-Goldin,A Sochi-A 1989 CBM/16 i 48/(26)} c6 {/\ Bg4} 13. Ne4 a5 $1 14.
Nc5 Nxf3+ 15. Bxf3 axb4 16. axb4 Nd5 {/\ b6} 17. d4 Nxb4 18. Qb3 Bxc5 $1 19.
dxc5 Na6 20. Qc3 Qe7 21. Ra1 f6 22. Rfd1 Be6 {=/+} 23. Ra5 Nc7 24. Be4 Nb5 25.
Qb4 Rxa5 26. Qxa5 Qxc5 27. Bd3 Qa7 $1 28. Qb4 Nd4 29. Ra1 Qb8 30. Bxd4 exd4 31.
Qxd4 Qe5 32. Qa7 b5 33. Rc1 Bd5 {-/+} 34. Qc5 Kf7 35. h4 f5 36. Kh2 f4 37. Qa7+
Kg8 38. Qc5 Rb8 {38...h6!?} 39. Rd1 b4 40. Bc4 fxg3+ 41. fxg3 b3 42. e4 $1 Qb2+
43. Kh3 Bxc4 44. Qxc4+ Kh8 45. Qb4 Rg8 46. Rd3 Qc1 47. Rxb3 c5 {/\ Qh1+,Qxe4+}
48. Rb1 cxb4 49. Rxc1 Rb8 50. Rb1 b3 51. Rb2 Kg8 52. Kg4 Kf7 53. Kf5 Rb5+ 54.
e5 g6+ 55. Ke4 Ke6 56. Kd4 h5 57. Kc3 Kxe5 58. Re2+ Kf5 59. Kb2 Kg4 60. Re3 Rb6
61. Rc3 Kh3 0-1

[Event "Bayamo"]
[Site "Bayamo"]
[Date "1990.??.??"]
[Round "5"]
[White "Paneque, Pedro"]
[Black "Yakovich, Yuri"]
[Result "0-1"]
[WhiteElo "2380"]
[BlackElo "2470"]
[Annotator "Ribli,Z"]
[PlyCount "118"]
[EventDate "1990.04.??"]
[EventType "tourn"]
[EventRounds "13"]
[EventCountry "CUB"]
[EventCategory "8"]
[SourceTitle "CBM 018"]
[Source "ChessBase"]
[SourceDate "1990.10.01"]
[SourceVersion "1"]
[SourceVersionDate "1990.10.01"]
[SourceQuality "1"]

1. c4 e5 2. Nc3 Nf6 3. g3 d5 4. cxd5 Nxd5 5. Bg2 Nb6 6. Nf3 Nc6 7. O-O Be7 8.
a3 O-O 9. b4 Be6 10. Rb1 f6 11. d3 Nd5 12. Ne4 {12.Qc2!, Nxc3 13.Qxc3
Azmayparashvili,Z-Hansen,LB Ohra-B 1989 CBM/15} a5 $1 13. b5 Nd4 14. Nxd4 exd4
{/\ f5 >< c3} 15. Qc2 f5 16. Nc5 Bxc5 17. Qxc5 Nc3 18. Rb2 Rb8 {18...Na4 19.Qe5
} 19. Re1 Qd7 {/\ Na4} 20. Qe5 Rbe8 {20...Rfe8 21.Bf4} 21. Bxb7 Bc4 22. Qc5
Bxb5 23. Bf3 c6 {/\ Na4} 24. Rd2 f4 $1 25. g4 Na4 26. Qg5 Qd6 27. Rc2 h6 28.
Qh4 Bxd3 29. Rxc6 Qd7 30. Qh5 Nc3 31. Rxc3 dxc3 32. Rd1 Bg6 33. Rxd7 Bxh5 34.
Rd3 {34.gxh5, Rd8 -/+} Bg6 35. Rxc3 Be4 36. Bxe4 Rxe4 37. Kf1 Rfe8 38. Rc2 g5
39. f3 R4e6 40. h4 Kf7 41. h5 R8e7 42. Kf2 Ke8 43. Kf1 Kd7 44. Rb2 Kc6 45. Ke1
Re5 46. Kd1 Rb5 47. Ra2 Rd5+ 48. Ke1 Kb5 49. Rb2+ Ka4 50. Kf2 Rde5 51. Rd2 Rc5
52. Bb2 Kb3 53. Bf6 Re6 54. Rd3+ Kc2 55. Bg7 Rc7 56. Bh8 Rxe2+ $1 57. Kxe2 Re7+
58. Kf2 Kxd3 59. Bf6 Rc7 0-1

[Event "USA-ch"]
[Site "Seattle"]
[Date "2002.01.12"]
[Round "8"]
[White "Mikhailuk, Slava"]
[Black "Gurevich, Dmitry"]
[Result "0-1"]
[WhiteElo "2447"]
[BlackElo "2544"]
[Annotator "Ribli,Z"]
[PlyCount "54"]
[EventDate "2002.01.05"]
[EventType "swiss"]
[EventRounds "9"]
[EventCountry "USA"]
[SourceTitle "CBM 087"]
[Source "ChessBase"]
[SourceDate "2002.03.21"]
[SourceVersion "1"]
[SourceVersionDate "2002.03.21"]
[SourceQuality "1"]

1. c4 e5 2. Nc3 Nf6 3. Nf3 Nc6 4. g3 d5 5. cxd5 Nxd5 6. Bg2 Nb6 {Wir haben
eigentlich eine Stellung aus der Drachenvariante der Sizilianischen
Verteidigung vor uns- nur mit vertauschten Farben.} 7. O-O (7. Rb1) 7... Be7 8.
d3 (8. Rb1) (8. a3) 8... O-O 9. Be3 {Dieser natürliche Zug wird heutzutage
relativ selten gespielt - meines Erachtens hat Weiß nach 9.a3 bessere Chancen
auf Eröffnungsvorteil.} Be6 (9... Re8) 10. Qc1 f5 {Dieser Zug ist ein wenig
riskant - die Alternativen bieten Schwarz ruhiges Spiel bei gleichen Chancen.}
(10... f6 $11) (10... Nd5) 11. Rd1 Nd5 (11... Kh8 12. d4 e4 13. Ne5 Nb4 14. f3
$14) 12. Ng5 $6 {Mit diesem Zug gewinnt Weiß Läuferpaar, verliert aber seine
Chancen auf Eröffnungsvorteil.} (12. Bg5 $142 $5 Nxc3 13. bxc3 Kh8 14. Bxe7 (
14. Rb1 $1 b6 15. Rb5 Bd7 16. Rd5 $14) 14... Qxe7 15. Qe3 Bd7 16. a4 a5 17.
Rdb1 b6 18. Rb5 Rae8 19. h4 Qf6 20. Rd5 Bc8 21. Qg5 Qf7 {0-1 Andersson,
U-Chernin,A/Reggio Emilia 1986/CBM 04 (37)}) 12... Bxg5 13. Bxg5 Qd7 $11 14.
Be3 {Es droht eventuell 14...f4, daher muss sich der Läufer früher oder später
zurückziehen.} (14. Nxd5 Bxd5 15. e4 {1/2-1/2 Rabar,B-Rellstab,L/Graz 1961/EXT
2001 (15)} (15. Bxd5+ Qxd5 16. Qc4 Qxc4 17. dxc4 f4 $15 {[%csl Rg5]}) 15... Be6
$15) 14... f4 $1 $36 15. Bc5 (15. Nxd5 Bxd5 16. Bxd5+ (16. Bc5 Bxg2 17. Kxg2 (
17. Bxf8 Bd5 $1 18. Bc5 Qh3 19. f3 fxg3 20. hxg3 Qxg3+ 21. Kf1 (21. Kh1 Re8 $17
{[%cal Re8e6,Re6h6,Rh6h1]}) 21... Nd4 $17) 17... Rf7 $15) 16... Qxd5 17. gxf4
exf4 18. Bxf4 Nd4 {[%csl Gd4,Gd5,Rg1][%cal Rd4e2,Re2c1,Re2g1]} 19. Re1 Rae8 20.
Be3 Re6 21. Qc4 Qxc4 22. dxc4 Nc2 $17) 15... Nd4 $1 {Schwarz kümmert sich
nicht um den Rf8, denn seine Drohungen im Zentrum sind stärker .} 16. Bxd4 (16.
Bxd5 Bxd5 17. Bxf8 Qh3 18. f3 (18. Nxd5 Nxe2+ $19) 18... fxg3 19. hxg3 Qxg3+
20. Kh1 (20. Kf1 Be6 $19) 20... Nxe2 $19) 16... exd4 17. Ne4 (17. Nxd5 Bxd5 18.
Bxd5+ Qxd5 $15) 17... b6 18. Ng5 Rad8 19. Nxe6 (19. Be4 $5) 19... Qxe6 $15 {
Schwarz macht positionellen Druck am Königsflügel - seine Figuren stehen aktiv.
} 20. Rd2 $6 (20. Qc4 $5) 20... fxg3 21. hxg3 {[#]} Ne3 $3 $17 {[%csl Ge3]
[%mdl 64] Ein sehr schönes und starkes Springeropfer, nach dem sich der weiße
König in großer Not befindet.} 22. Qc6 (22. fxe3 Qxe3+ 23. Kh2 (23. Kh1 Rd6 $19
) 23... Rd6 $19 {[%cal Rd6h6,Rh6h2]}) (22. Qxc7 Qh6 {[%cal Gh6d2]} 23. Bf3 Ng4
$17) 22... Qf5 23. Bf3 (23. fxe3 Qf2+ 24. Kh2 (24. Kh1 Rf6 $19) 24... Rf6 $19)
23... Rd6 24. Qe4 (24. Qxc7 Qh3 25. Qxd6 Rxf3 $19) 24... Qg5 {[%mdl 128]} 25.
Qh4 $6 (25. fxe3 Qxg3+ 26. Kf1 Rh6 $19) (25. b4 Nf1 26. Rc2 Nxg3) 25... Qxh4
26. gxh4 Rg6+ $19 27. Kh2 Rf4 {[%cal Rf4h4,Rh4h2]} (27... Rf4 28. Kh3 Nf5 $19)
0-1

[Event "FIDE World Cup"]
[Site "Khanty-Mansiysk"]
[Date "2005.11.28"]
[Round "1.2"]
[White "Malakhov, Vladimir"]
[Black "Wang, Hao"]
[Result "1-0"]
[WhiteElo "2670"]
[BlackElo "2519"]
[Annotator "Ribli,Z"]
[PlyCount "67"]
[EventDate "2005.11.27"]
[EventType "k.o."]
[EventRounds "7"]
[EventCountry "RUS"]
[SourceTitle "CBM 111"]
[Source "ChessBase"]
[SourceDate "2006.04.04"]
[SourceVersion "1"]
[SourceVersionDate "2006.04.04"]
[SourceQuality "1"]

1. c4 e5 2. Nc3 Nf6 3. Nf3 Nc6 4. g3 Bc5 {Dieser Läuferzug wird selten
gespielt.} 5. Bg2 {Eine ruhige Fortsetzung, aber 5.Nxe5 kommt ebenfalls in
Betracht.} (5. Nxe5 Bxf2+ 6. Kxf2 Nxe5 7. e4) 5... d6 6. O-O O-O 7. d3 (7. e3
a6 8. d4 Ba7) 7... h6 8. Na4 {Weiß möchte den c5-Läufer tauschen, aber die
Alternative 8.a3 wird in dieser Variante häufiger gespielt.} (8. a3) 8... Bb6 {
Schwarz will 9.Nxc5 dxc5 vermeiden, aber diese Bauernstruktur ist gar nicht
schlecht.} (8... Re8 $5 9. Nxc5 dxc5 10. b3 Qd6 11. Bb2 Bf5 12. Qd2 Rad8 13.
Rad1 b6 14. Bc3 Qe6 15. Qb2 Bh3 {0-1 Milos,G-Anand,V/Sao Paulo 2004/(51)}) (
8... a5 9. Nxc5 dxc5 10. b3 Re8 11. Ba3 Qd6 12. e3 Nb4 13. d4 e4 14. Ne1 Bg4
15. Qd2 Qd7 {1/2-1/2 Glud,J-Balogh,C/Aarhus 2005/(69)}) (8... Bf5 $5) 9. b3 (9.
a3 $5 Be6 (9... Bf5 $5) 10. b4 a6 $6 (10... Re8) 11. Nxb6 cxb6 12. Bb2 $14 Qd7
{[%cal Ge6h3,Gh3g2]} 13. Re1 {1-0 Conquest,S-Bauer,C/Clichy 2001/CBM 85/[Ribli]
(78)}) 9... Re8 10. Bb2 Bg4 (10... Bf5 11. Nxb6 axb6 12. Nh4 Bh7 13. e4 Nd7 14.
a3 Nc5 15. Nf5 Bxf5 16. exf5 Qg5 17. Be4 Nd4 18. b4 Nxe4 19. dxe4 c5 {1/2-1/2
Speelman,J-Sadler,M/London 1990/EXT 97 (29) Ribli}) 11. h3 Bxf3 $6 {[%mdl
16384] Schwarz gibt leichtfertig seinen weißfeldrigen Läufer auf und gestattet
Weiß einen starken Läufer auf der h1-a8 Diagonale.} (11... Be6) 12. Bxf3 {
[%csl Gf3][%cal Gf3a8]} Bd4 13. Nc3 Qd7 (13... e4 $6 14. dxe4 Nxe4 $2 (14...
Bxc3 15. Bxc3 Nxe4 16. Bb2 $14) 15. Bxe4 Bxc3 16. Bxc6 Bxb2 17. Bxe8 Bxa1 18.
Bxf7+ $18) 14. Bg2 (14. Kh2) 14... a6 15. Qd2 Ba7 16. Kh2 Rab8 17. Rac1 Nd8 18.
e3 $14 {[%csl Gb2,Gg2] Weiß hat das Läuferpaar, hingegen Schwarz keine
Möglichkeiten der Gegenoffensive.} c6 19. Ne4 $1 {[%mdl 32]} Nxe4 (19... Qe7
20. Nxf6+ Qxf6 21. f4 Qe7 22. fxe5 dxe5 23. b4 $16 {[%csl Ra7][%cal Gc4c5]})
20. dxe4 {[%csl Gc4,Ge4] Weiß besitzt eine starke Zentrumstellung; der
schwarze Angriff ist hingegen blockiert.} f6 {[%cal Gd8f7]} 21. Rfd1 Nf7 22. h4
$1 {[%cal Gg2h3,Gh3c8]} Qe7 23. Qe2 {[%cal Ge2h5]} Rbd8 24. Bh3 $16 g6 {
Mit diesem Zug schwächt Schwarz seine Königsstellung. Aber alternativ spielt
Weiß Bf5 oder Qh5 mit positionellem Druck auf den weißen Feldern.} 25. h5 $1
Ng5 (25... g5 26. Qf3 $16 {[%cal Gf3f5]}) 26. hxg6 Nxe4 (26... Nxh3 27. Kxh3
$16) 27. Bf5 Ng5 (27... d5 28. cxd5 cxd5 29. Bxe4 (29. Kg2 $16) 29... dxe4 30.
Qc4+ $18) 28. Kg2 {[%cal Rd1h1,Rh1h6]} Kg7 29. Rh1 Rh8 30. Rh5 {[%cal Rc1h1,
Rh1h6]} d5 31. Rch1 d4 32. exd4 Bxd4 33. f4 $18 {[%csl Rg5][%cal Ge2e7]} Ne6
34. Bc1 {Es droht 35.Bxe6 Qxe6 36.f5 oder einfach 35.fxe5 wogegen Schwarz
keine Verteidigung besitzt.} 1-0

[Event "USA-ch"]
[Site "Parsippany"]
[Date "1996.??.??"]
[Round "1"]
[White "Gulko, Boris F"]
[Black "Alburt, Lev O"]
[Result "1-0"]
[WhiteElo "2615"]
[BlackElo "2560"]
[Annotator "Ribli,Z"]
[PlyCount "137"]
[EventDate "1996.07.13"]
[EventType "tourn"]
[EventRounds "13"]
[EventCountry "USA"]
[EventCategory "12"]
[SourceTitle "CBM 055"]
[Source "ChessBase"]
[SourceDate "1996.12.01"]
[SourceVersion "1"]
[SourceVersionDate "1996.12.01"]
[SourceQuality "1"]

1. c4 Nf6 2. Nc3 e5 3. Nf3 Nc6 4. g3 Bc5 {Diese Variante sieht man nicht so
oft wie 4...d5 oder 4...Bb4, aber in der letzten Zeit spielen Karpov und Ivan
Sokolov das gerne.} 5. Bg2 d6 6. O-O a6 7. d3 h6 8. a3 O-O 9. b4 Ba7 10. Bb2
Bg4 {Ribli.Das sofortige 10...Be6 oder 10...Bf5 ist auch gut spielbar.} (10...
Be6 11. e3 Qd7 12. Qc2 Bh3 13. Rad1 Nd8 14. d4 $36 {Pfleger,H-Hracek,Z/BL9596/}
) 11. h3 (11. Rc1 $5) 11... Be6 12. Rc1 (12. Kh2 Rb8 13. Nd2 Qd7 14. Nd5 Ne8
15. Qa4 $14 {FIDE-Wch/1993/CBM36/}) 12... Qd7 13. Kh2 Rfe8 {In einer Partie
Petursson-Hjartarson,Nordic zt 1992 - mit Zugumstellung - entstand nach12.Kh2
Rb8 13.Rc1 Qd7 14.e4? Nd4 eine fuer Schwarz etwas bessere Stellung. Aber ich
glaube, wenn in unserer Partie Schwarz jetzt 13...Rb8 spielt, hat Weiss
bessere Zuege als 14.e4?, was nur den Punkt d4 und die ganze Stellung
schwaecht.} (13... Rab8 $5) 14. Nd2 (14. Nd5 $14) 14... Rad8 (14... d5 15. cxd5
Nxd5 {Ribli.}) 15. Qa4 Qc8 $6 (15... d5 {Ribli. Dieser Zentrumsvorstoss fuehrt
zu grossen Komplikationen, aber in der Partie hat Schwarz kein Gegenspiel.} 16.
b5 (16. cxd5 Nxd5 17. Nce4 $14 (17. Nxd5 Bxd5 18. Ne4 $14)) 16... Nd4 (16...
axb5 $2 17. cxb5 $18) 17. e3 (17. bxa6 bxa6 $5 (17... Qxa4 $2 18. Nxa4 bxa6 19.
e3 Nf5 (19... Ne2 20. Rce1) 20. cxd5 Nxd5 21. e4 $18) 18. Qxa6 (18. Qxd7 Rxd7
19. e3 dxc4 (19... Nf5 $2 20. cxd5 Nxd5 21. Nxd5 Bxd5 22. e4) 20. Nxc4 (20.
dxc4 Nf5) 20... Nf5 (20... Nb3 21. Nxe5 Nxc1 22. Nxd7 Nxd3 23. Nxf6+ gxf6 24.
Ba1) 21. Bc6 (21. Nxe5)) 18... Ra8 (18... c6 $5) 19. cxd5 Nxd5 20. Nxd5 Bxd5
21. Bxd5 Qxd5 22. Rxc7) (17. cxd5 Nxd5 18. Nxd5 Bxd5 19. Bxd5 Qxd5 20. bxa6
Nxe2 $13) 17... dxc4 $1 $13 18. dxc4 (18. exd4 exd4 19. Nce4 Nxe4 (19... c3 $6
20. Nxf6+ gxf6 21. Ne4) 20. Nxe4 c3 21. Ba1 f5) 18... Nxb5 $5) 16. Nd5 $16 {
Ribli.Wir haben jetzt eine aehnliche Stellung wie in der 5. Wettkampfpartie
Timman-Karpov,1993, wo nach 12...Rb8 13.Nd2 Qd7?!14.Nd5 Ne8 15.Qa4!+/- folgte.
Weiss hat freie Hand.} Nh7 17. b5 Nb8 18. Nb3 Bxd5 {Ribli.Schwarz verliert
seine Geduld,aber guter Rat ist teuer.} (18... Ng5 19. h4) (18... c6 $2 19. b6
cxd5 20. bxa7 Nd7 21. cxd5 $18) 19. Bxd5 Nf6 20. Bg2 {Ribli.Weiss hat eine
drueckende Stellung mit Laeuferpaar und zudem grossen Raumvorteil.} Nfd7 21. e3
Bb6 22. Qb4 {Ribli.Weiss befreit seine Dame und bereitet das moegliche a4 vor.}
Nc5 23. Nxc5 Bxc5 24. Qb3 axb5 $2 (24... Nd7 25. d4 {Ribli. Weiss hat grosses
positionelles Uebergewicht, die Partiefortsetzung ist jedoch ganz schlecht.})
25. cxb5 Nd7 26. Qd5 {Ribli. Schwarz muss jetzt Material geben, denn nach 25...
b6 kommt 26.d4 mit Figurengewinn.} c6 27. bxc6 bxc6 28. Qxc6 Qb8 29. Rb1 Qb3 (
29... Qa7 30. Qb7) 30. d4 {Ribli.Am einfachsten.} exd4 31. exd4 Bxa3 32. Bd5 $1
(32. Bxa3 Qxa3 33. Rb7) 32... Qxb2 33. Rxb2 Bxb2 34. Rd1 $18 {Ribli. Schwarz
ist schon total verloren. Sein Gegner besitzt nicht nur deutlichen
Materialvorteil,sondern auch viel Aktivitaet.} Nf6 35. Bxf7+ {Ribli.Mit dieser
kleinen Kombination erobert Weiss einen neuen Bauern. Sein Gewinn ist sicher.}
Kxf7 36. Qb7+ Rd7 37. Qxb2 d5 {Ribli. Wenn Schwarz ueber einen Mehrbauern am
Koenigsfluegel veruegte, haette er vielleicht noch praktische Rettungschancen.}
38. Rc1 Re4 39. Qb6 Re2 40. Kg1 Ree7 41. Kf1 Rb7 42. Qd8 Kg6 43. Rc6 Kf7 44.
Qc8 {Ribli. Eine wichtige Regel in solchen Stellungen lautet: nur nicht eilen!
Weiss hat viel Zeit, zuerst verbessert er die Position seiner Figuren, und
wenn alles fertig ist, beginnt er mit dem Bauernsturm.} Rb1+ 45. Kg2 Rd1 46.
Rc7 Rde1 (46... Rxd4 $4 47. Rxe7+ Kxe7 48. Qc5+) 47. g4 Rxc7 48. Qxc7+ Re7 49.
Qc2 Re4 50. Qd2 Ng8 51. f3 Re6 52. Qf4+ Rf6 53. Qc7+ Ne7 54. h4 h5 55. Kg3 {
Ribli.Natuerlich nicht 55.g5 - das gibt Schwarz das Feld f5.} hxg4 56. fxg4 g6
57. Qd8 Re6 58. Qh8 $1 {Ribli. Weiss hat eine neue Drohung: Zugzwang. Wenn
alle schwarzen Figuren in idealer Position sind, führt Weiss Zugzwang herbei.}
Rf6 59. Qh7+ Kf8 60. Kg2 Ng8 61. g5 Rc6 62. h5 gxh5 63. g6 Rf6 64. Kg3 $1 Rf1
65. Qxh5 Nf6 66. Qh8+ Ng8 67. Qh7 Rf6 68. Kg2 Rf4 (68... Ne7 69. g7+ Kf7 70.
g8=Q#) (68... Rf5 69. g7+) 69. g7+ {Ribli.Schwarz gab auf. Auf 69...Kf7 70.Qh5
Kf6 folgt 71.Qe5.} 1-0

[Event "Reykjavik zt"]
[Site "Reykjavik"]
[Date "1995.??.??"]
[Round "8"]
[White "Hansen, Curt"]
[Black "Hector, Jonny"]
[Result "1-0"]
[WhiteElo "2630"]
[BlackElo "2540"]
[Annotator "Ribli,Z"]
[PlyCount "67"]
[EventDate "1995.03.??"]
[EventType "swiss"]
[EventRounds "11"]
[EventCountry "ISL"]
[SourceTitle "CBM 047"]
[Source "ChessBase"]
[SourceDate "1995.08.01"]
[SourceVersion "1"]
[SourceVersionDate "1995.08.01"]
[SourceQuality "1"]

1. c4 Nf6 2. Nc3 e5 3. Nf3 Nc6 4. g3 d5 5. cxd5 Nxd5 6. Bg2 Nb6 7. O-O Be7 8.
a3 Be6 {Romanishin's Lieblingszug.} 9. d3 (9. b4 Nd4 10. Rb1 Nxf3+ 11. Bxf3 c6
12. b5 O-O 13. bxc6 bxc6 $13 {Hansen,LB-Romanishin,O/Altensteig/1993/CBM37/
INF58,45/}) 9... O-O 10. b4 f5 {In Betracht kommt auch 10...Nd4 oder 10...a5.}
11. Bb2 Bd6 (11... Bf6 12. Nd2 Bf7 13. Rb1 Rb8 14. Ba1 Nd4 15. a4 c6 16. b5 $36
{Lobron,E-Wirthenson,H/Graz zt/1993/CBM35/}) 12. Rc1 (12. Nd2 $5 $14 {Makarov,
M-Tiviakov,S/RUS-ch Elista/1994/CBM44/INF61,31/}) 12... Qe7 13. Na4 Nxa4 14.
Qxa4 a6 {[#]} 15. Rxc6 $1 {Ein chancenreiches Qualitaetsopfer, das dem
Anziehenden die Initiative sichert} bxc6 16. Nxe5 f4 (16... Bxe5 17. Bxe5 Bd5
18. f4 $1 Bxg2 19. Kxg2 Qe6 20. Rc1 Qd5+ 21. Kf2 $16 {Weiss gewinnt noch der
c6-Bauern und steht ueberlegen (sehr starker Laeufer in e5 und schwache Bauern
-a6,c7).}) 17. Qxc6 fxg3 18. hxg3 Kh8 19. f4 a5 20. b5 $1 {Weiss gibt keine
Gegenchance und haelt den Damenfluegel zu.} Rab8 21. a4 Bb3 22. Qe4 $1 {
Vielseitiger Zug: 1.Deckt den a4-Bauern. 2.Sieht nach h7.} Bc5+ 23. d4 Bb4 24.
Kf2 $1 {Eine elegante Loesung mit toedlicher Drohung /\ Rh1.} Rb6 25. Rh1 h6
26. Ng6+ Rxg6 27. Qxg6 Rf6 (27... Bxa4 28. Rxh6+ gxh6 29. d5+ $18) 28. Qd3 Bg8
29. Bf3 Bh7 30. e4 c6 31. Kg2 cxb5 32. axb5 Rf8 33. d5 Kg8 34. Qc4 {Ribli} 1-0